| 000 | 00000nas 2200000za 4500 |
| 001 | 9.500520 |
| 003 | CaOODSP |
| 005 | 20231123085000 |
| 007 | cr ||||||||||| |
| 008 | 150406d20082010oncau p o||||f0 |0fre|d |
| 040 | |aCaOODSP|bfre |
| 041 | |afre|aeng|aspa |
| 043 | |an-cn---|an-mx--- |
| 086 | 1 |aFR2-11-PDF |
| 110 | 1 |aCanada. |bAffaires étrangères et commerce international Canada. |
| 245 | 10|aCanada-Mexico Partnership, annual report |h[ressource électronique] = |bPartenariat Canada-Mexique, rapport annuel = Alianza Mexico-Canada, informe anual |
| 246 | 11|aPartenariat Canada-Mexique, rapport annuel |
| 246 | 11|aAlianza Mexico-Canada informe anual |
| 260 | |a[Ottawa] : |bpublié conjointement par le gouvernement du Mexique et le gouvernement du Canada, |c[2008]-2010. |
| 310 | |aAnnuel |
| 362 | 0 |a[2007-2008]-2009/2010. |
| 546 | |aTexte en français, anglais et espagnol. |
| 710 | 2 |aPartenariat Canada-Mexique. |
| 791 | |tCanada-Mexico Partnership, annual report |eeng|w(CaOODSP)9.500519 |